[Event "ONJK-A 2019"]
[Site "Borne"]
[Date "2019.08.09"]
[Round "7.7"]
[White "Hempler, Poul"]
[Black "De Vries, Tobias"]
[Result "1-0"]
[WhiteElo "1856"]
[BlackElo "1868"]
[Annotator "NA RC"]
[PlyCount "89"]
[EventDate "2019.08.05"]
[EventType "swiss"]
[EventCountry "NED"]
[SourceTitle "playchess.com"]
[Source "ChessBase"]
[SourceQuality "1"]
[TimeControl "5400+30"]

1. e4 {[%emt 0:00:00]} c5 {[%emt 0:00:31]} 2. c3 {[%emt 0:00:00]} d5 {[%emt 0:00:20]} 3. exd5 {[%emt 0:00:00]} Nf6 {[%emt 0:00:03]} 4. c4 {[%emt 0:05:27]} e6 {[%emt 0:00:22]} 5. dxe6 {[%emt 0:00:25]} Bxe6 {[%emt 0:00:05]} 6. Nf3 {[%emt 0:01:07]} Nc6 {[%emt 0:00:41]} 7. Be2 {[%emt 0:15:22]} Bd6 {[%emt 0:00:36]} 8. O-O {[%emt 0:02:00]} O-O {[%emt 0:02:13]} 9. b3 {[%emt 0:06:07]} Qc7 {[%emt 0:13:21]} 10. Bb2 $14 {[%emt 0:03:46]} Nd4 {[%emt 0:14:39]} 11. h3 {[%emt 0:00:59]} Nxe2+ {[%emt 0:01:06]} 12. Qxe2 {[%emt 0:00:09]} Nh5 {[%emt 0:11:44]} 13. Ng5 {[%emt 0:11:59]} Nf4 {[%emt 0:02:56]} 14. Qe4 {[%emt 0:00:07]} g6 {[%emt 0:04:02]} 15. Nxe6 {[%emt 0:02:44]} fxe6 {[%emt 0:04:04]} 16. Nc3 {[%emt 0:03:03]} Qe7 {[%emt 0:06:52]} 17. Rae1 {[%emt 0:05:16]} Qg5 {[%emt 0:07:31]} 18. Re3 {[%emt 0:02:05]} Rae8 {[%emt 0:05:02]} 19. Nb5 {[%emt 0:06:46]} Bb8 {[%emt 0:02:48]} 20. Qxb7 {[%emt 0:01:22]} Re7 {[%emt 0:02:12]} 21. Qe4 {[%emt 0:01:51]} Ref7 {[%emt 0:06:38]} 22. Na3 {[%emt 0:04:38]} Rd8 {[%emt 0:08:33]} 23. Bc3 {[%emt 0:00:38]} Nh5 {[%emt 0:02:12]} 24. Qg4 {[%emt 0:03:08]} Qe7 {[%emt 0:01:53]} 25. Qxe6 {[%emt 0:01:51]} Qc7 {[%emt 0:01:03]} 26. Qe5 {[%emt 0:00:59]} Qxe5 {[%emt 0:00:30]} 27. Bxe5 {[%emt 0:00:11]} Bxe5 {[%emt 0:00:36]} 28. Rxe5 {[%emt 0:00:06]} Rxd2 {[%emt 0:00:15]} 29. Rxc5 {[%emt 0:00:56]} Rxa2 {[%emt 0:00:21]} 30. Nb5 {[%emt 0:01:44]} Rb2 {[%emt 0:01:05]} 31. Nd4 {[%emt 0:01:20]} Rd7 {[%emt 0:00:27]} 32. Rd1 {[%emt 0:00:19]} Nf4 {[%emt 0:00:47]} 33. Kh2 {[%emt 0:03:10]} Rxf2 {[%emt 0:00:25]} 34. Kg3 {[%emt 0:01:12]} Rxg2+ {[%emt 0:00:35]} 35. Kxf4 {[%emt 0:00:17]} Rf7+ {[%emt 0:00:17]} 36. Ke4 {[%emt 0:00:48]} Rg3 {[%emt 0:00:42]} 37. Ne6 {[%emt 0:03:09]} Re7 {[%emt 0:00:05]} 38. Re5 {[%emt 0:00:16]} Re8 {[%emt 0:00:41]} 39. Rd3 {[%emt 0:01:00]} Rg1 {[%emt 0:00:28]} 40. Kd5 {[%emt 0:00:40]} Ra1 {[%emt 0:00:12]} 41. c5 {[%emt 0:02:35]} Ra5 {[%emt 0:00:46]} 42. Kd6 {[%emt 0:00:37]} Rb5 {[%emt 0:00:42]} 43. c6 {[%emt 0:01:02]} Rxe5 {[%emt 0:00:37]} 44. Kxe5 {[%emt 0:00:12]} Kf7 {[%emt 0:00:25]} 45. Rd7+ {[%emt 0:00:29]} 1-0

[Event "ONJK-A 2019"]
[Site "Borne"]
[Date "2019.08.09"]
[Round "7.8"]
[White "Vleming, Stefan"]
[Black "Merkon, Oseb"]
[Result "0-1"]
[WhiteElo "1760"]
[BlackElo "2013"]
[Annotator "NA RC"]
[PlyCount "48"]
[EventDate "2019.08.05"]
[EventType "swiss"]
[EventCountry "NED"]
[SourceTitle "playchess.com"]
[Source "ChessBase"]
[SourceQuality "1"]
[TimeControl "5400+30"]

1. d4 {[%emt 0:00:00]} d5 {[%emt 0:00:00]} 2. c4 {[%emt 0:00:00]} c6 {[%emt 0:00:35]} 3. Nf3 {[%emt 0:00:00]} Nf6 {[%emt 0:00:19]} 4. e3 {[%emt 0:00:03]} Bg4 {[%emt 0:00:24]} 5. h3 {[%emt 0:00:20]} Bh5 {[%emt 0:00:08]} 6. g4 {[%emt 0:00:11]} Bg6 {[%emt 0:00:07]} 7. Nh4 {[%emt 0:00:09]} e6 {[%emt 0:00:39]} 8. Nc3 {[%emt 0:01:00]} Nbd7 {[%emt 0:04:07]} 9. Bg2 {[%emt 0:04:13]} dxc4 {[%emt 0:02:47]} 10. e4 $2 {[%emt 0:13:04] [#]} (10. Nxg6 $11 {and White stays safe.} hxg6 11. Bd2) 10... Nxe4 $1 {[%emt 0:16:29] Discovered Attack} 11. Nxe4 {[%emt 0:01:57]} (11. Nxg6 $142 Nxc3 12. bxc3 hxg6 13. Qe2) 11... Bxe4 {[%emt 0:00:18]} ({Weaker is} 11... Qxh4 12. Bg5 $14) 12. Bxe4 {[%emt 0:00:03]} Qxh4 {[%emt 0:00:07]} 13. Qc2 {[%emt 0:00:50]} Bb4+ {[%emt 0:02:24]} 14. Ke2 {[%emt 0:01:28]} Nb6 {[%emt 0:02:45]} 15. Bf4 $19 {[%emt 0:01:16]} Qe7 {[%emt 0:02:26]} 16. h4 {[%emt 0:02:20]} Bd6 {[%emt 0:02:50]} 17. Bg5 {[%emt 0:01:03]} f6 {[%emt 0:10:52]} 18. Be3 {[%emt 0:00:56]} g6 {[%emt 0:08:19]} 19. Rag1 {[%emt 0:03:41]} O-O-O {[%emt 0:06:00]} 20. f4 {[%emt 0:02:30]} Nd5 {[%emt 0:07:15]} 21. Qxc4 {[%emt 0:02:30]} Bxf4 {[%emt 0:04:22]} 22. Bxf4 {[%emt 0:02:12]} Nxf4+ {[%emt 0:00:11]} 23. Kf3 {[%emt 0:00:08]} Nd5 {[%emt 0:01:21]} 24. Rc1 {[%emt 0:00:43]} Qd6 {[%emt 0:00:31]} 0-1

[Event "ONJK-A 2019"]
[Site "Borne"]
[Date "2019.08.09"]
[Round "7.9"]
[White "Klaren, Duncan"]
[Black "Hofstra, Tijmen"]
[Result "1-0"]
[WhiteElo "1896"]
[BlackElo "1732"]
[Annotator "NA RC"]
[PlyCount "61"]
[EventDate "2019.08.05"]
[EventType "swiss"]
[EventCountry "NED"]
[SourceTitle "playchess.com"]
[Source "ChessBase"]
[SourceQuality "1"]
[TimeControl "5400+30"]

{[%evp 8,57,57,37,28,35,44,26,27,32767,32767,32767,32767,32767,32767,29,32767,61,84,32767,50,32767,32767,32767,32767,88,191,151,149,146,210,212,328,340,327,177,176,110,324,368,382,385,424,430,456,448,463,483,1324,1406,1452,1635]} 1. e4 {[%emt 0:00:00]} Nf6 {[%emt 0:00:00]} 2. e5 {[%emt 0:00:00]} Nd5 {[%emt 0:00:00]} 3. d4 {[%emt 0:00:00]} d6 {[%emt 0:00:00]} 4. c4 {[%emt 0:00:00]} Nb6 {[%emt 0:00:00]} 5. exd6 {[%emt 0:00:00]} exd6 {[%emt 0:00:20]} 6. Nc3 {[%emt 0:00:01]} Nc6 {[%emt 0:00:14]} 7. Be3 {[%emt 0:00:50]} Be7 {[%emt 0:00:14]} 8. Bd3 {[%emt 0:02:49]} Nd7 {[%emt 0:00:26] B03: Alekhine's Defence: Four Pawns Attack} (8... O-O 9. b3 Bf6 10. Nge2 Bg4 11. O-O Nxd4 12. Bxd4 Bxd4 13. Bxh7+ Kxh7 14. Qxd4 Bxe2 15. Nxe2 Re8 16. Ng3 Kg8 {1-0 (29) Libiszewski,F (2530)-Sadorra,J (2539) chess.com INT 2018}) 9. Nge2 $146 {[%emt 0:01:26]} ({Predecessor:} 9. Nf3 Nf6 10. a3 a5 11. O-O O-O 12. h3 Bd7 13. Nd5 Re8 14. Rc1 Qc8 15. Qc2 h6 16. Nh2 {½-½ (24) Fraczek,L (1557)-Szustakowski,A (1485) Milanowek 2012}) 9... Nf6 {[%emt 0:00:06]} 10. O-O {[%emt 0:01:38]} O-O {[%emt 0:00:15]} 11. Ng3 {[%emt 0:02:19]} Re8 {[%emt 0:01:46]} 12. Rc1 {[%emt 0:15:36]} Bf8 {[%emt 0:01:01]} 13. Qd2 {[%emt 0:03:21]} Ng4 {[%emt 0:00:16]} 14. h3 {[%emt 0:02:01]} Nxe3 {[%emt 0:00:06]} 15. fxe3 {[%emt 0:00:05]} Qg5 {[%emt 0:00:17]} 16. Nge4 {[%emt 0:01:16]} Qh6 {[%emt 0:00:14]} (16... Qd8 $16) 17. Qf2 {[%emt 0:01:01]} f5 {[%emt 0:00:22]} 18. Nd5 {[%emt 0:01:24]} Rb8 {[%emt 0:00:44]} 19. Ng3 {[%emt 0:00:51]} ({Much less strong is} 19. Nxc7 $6 Nb4 $16) 19... Ne7 {[%emt 0:00:46]} (19... Be7 $142 20. Bxf5 (20. Nxf5 Bxf5 21. Qxf5 Kh8 $16) 20... g6) 20. Nxc7 {[%emt 0:01:44]} Rd8 {[%emt 0:00:15]} 21. Rce1 {[%emt 0:01:28]} ({Don't do} 21. Bxf5 Kh8) (21. Nxf5 $142 Nxf5 22. Bxf5) 21... g6 {[%emt 0:00:18]} 22. e4 {[%emt 0:00:49]} ({Better is} 22. Ne2 $18) 22... Bg7 $2 {[%emt 0:01:03]} (22... f4 $16) 23. exf5 {[%emt 0:02:34]} Nxf5 {[%emt 0:00:05]} 24. Bxf5 {[%emt 0:00:41]} ({Resist} 24. Nxf5 gxf5 25. Ne8 (25. Bxf5 Bxf5 26. Qxf5 Bxd4+ 27. Kh2 Be5+ 28. Rxe5 dxe5 $16) 25... Bd7 $18) 24... Bxf5 {[%emt 0:00:04]} 25. Nxf5 {[%emt 0:00:07]} gxf5 {[%emt 0:00:04]} 26. Ne6 {[%emt 0:00:27]} Re8 {[%emt 0:00:19]} 27. Qxf5 {[%emt 0:00:25]} Rf8 {[%emt 0:00:39]} (27... Kh8 $142 28. Qd5 Rg8 29. Qxd6 Qg6) 28. Nxf8 {[%emt 0:00:52]} Rxf8 {[%emt 0:00:07] [#]} 29. Re8 $18 {[%emt 0:01:39]} Qg6 {[%emt 0:04:34]} 30. Rxf8+ {[%emt 0:00:14]} Bxf8 {[%emt 0:00:05]} 31. Qxf8# {[%emt 0:00:03]} 1-0

[Event "ONJK-A 2019"]
[Site "Borne"]
[Date "2019.08.09"]
[Round "7.10"]
[White "Akulova, Alicia"]
[Black "Vitharana, Annelies"]
[Result "0-1"]
[WhiteElo "1702"]
[BlackElo "1768"]
[Annotator "NA RC"]
[PlyCount "132"]
[EventDate "2019.08.05"]
[EventType "swiss"]
[EventCountry "NED"]
[SourceTitle "playchess.com"]
[Source "ChessBase"]
[SourceQuality "1"]
[TimeControl "5400+30"]

1. e4 {[%emt 0:00:00]} c6 {[%emt 0:00:00]} 2. Nc3 {[%emt 0:00:06]} d5 {[%emt 0:00:24]} 3. Nf3 {[%emt 0:00:39]} dxe4 {[%emt 0:00:51]} 4. Nxe4 {[%emt 0:00:22]} Bf5 {[%emt 0:00:49]} 5. Ng3 {[%emt 0:01:23]} Bg6 {[%emt 0:00:22]} 6. h4 {[%emt 0:01:43]} h6 {[%emt 0:00:28]} 7. Ne5 {[%emt 0:01:45]} Qd6 {[%emt 0:08:19]} 8. d4 {[%emt 0:06:33]} Nd7 {[%emt 0:03:21]} 9. Nxg6 {[%emt 0:06:23]} Qxg6 {[%emt 0:01:21]} 10. Bd3 {[%emt 0:01:29]} Qe6+ {[%emt 0:06:39]} 11. Qe2 {[%emt 0:07:07]} Qxe2+ {[%emt 0:11:25]} 12. Nxe2 {[%emt 0:04:07]} Ngf6 {[%emt 0:01:08]} 13. c3 {[%emt 0:05:59]} e6 {[%emt 0:02:24]} 14. Bf4 {[%emt 0:04:36]} Be7 {[%emt 0:02:40]} 15. O-O-O {[%emt 0:04:53]} Nd5 {[%emt 0:04:45]} 16. Bd2 {[%emt 0:01:39]} N7f6 {[%emt 0:02:08]} 17. h5 {[%emt 0:12:20]} Rd8 {[%emt 0:05:55]} 18. f3 {[%emt 0:13:23]} b5 {[%emt 0:09:18]} 19. Ng3 {[%emt 0:05:29]} Bd6 {[%emt 0:06:09]} 20. Ne4 {[%emt 0:02:31]} Bc7 {[%emt 0:02:46]} 21. Rh4 {[%emt 0:05:18]} Kd7 {[%emt 0:05:29]} 22. Nc5+ {[%emt 0:03:18]} Ke7 {[%emt 0:04:41]} 23. Ne4 {[%emt 0:01:58]} Kd7 {[%emt 0:00:55]} 24. Nxf6+ {[%emt 0:01:04]} Nxf6 {[%emt 0:00:23]} 25. g4 {[%emt 0:00:26]} Rdg8 {[%emt 0:03:46]} 26. Rg1 {[%emt 0:01:36]} Bd8 {[%emt 0:04:33]} 27. Rhh1 {[%emt 0:02:30]} Nd5 {[%emt 0:02:58]} 28. f4 {[%emt 0:01:13]} Bc7 {[%emt 0:01:27]} 29. Rf1 {[%emt 0:00:56]} Ne7 {[%emt 0:03:17]} 30. Rf3 {[%emt 0:03:03]} f6 {[%emt 0:02:03]} 31. Re1 {[%emt 0:00:45]} Re8 {[%emt 0:00:39]} 32. b3 {[%emt 0:00:38]} Bb6 {[%emt 0:00:40]} 33. Rh3 {[%emt 0:00:34]} Rhf8 {[%emt 0:01:23]} 34. f5 {[%emt 0:00:37]} exf5 {[%emt 0:02:40]} 35. gxf5 {[%emt 0:00:13]} Nd5 {[%emt 0:00:45]} 36. Rg1 {[%emt 0:00:43]} Re7 {[%emt 0:00:31]} 37. Rhg3 {[%emt 0:00:34]} Rff7 {[%emt 0:00:07]} 38. R1g2 {[%emt 0:00:31]} Bc7 {[%emt 0:00:20]} 39. Rf3 {[%emt 0:00:19]} Kc8 {[%emt 0:00:52]} 40. Kc2 {[%emt 0:00:41]} Bd6 {[%emt 0:00:37]} 41. Rg1 {[%emt 0:00:33]} Rb7 {[%emt 0:00:36]} 42. Rb1 {[%emt 0:00:28]} Rfe7 {[%emt 0:00:31]} 43. Rg1 {[%emt 0:00:27]} Bh2 {[%emt 0:00:30]} 44. Rg2 {[%emt 0:00:27]} Bd6 {[%emt 0:00:06]} 45. Rg1 {[%emt 0:00:35]} Bh2 {[%emt 0:00:09]} 46. Ra1 {[%emt 0:00:26]} Bd6 {[%emt 0:00:42]} 47. a4 {[%emt 0:00:28]} a6 {[%emt 0:00:52]} 48. axb5 {[%emt 0:00:35]} axb5 {[%emt 0:00:34]} 49. Ra6 {[%emt 0:00:30]} Rb6 {[%emt 0:00:39]} 50. Rxb6 {[%emt 0:00:24]} Nxb6 {[%emt 0:00:02]} 51. c4 {[%emt 0:00:16]} bxc4 {[%emt 0:00:41]} 52. Bxc4 {[%emt 0:00:53]} Nxc4 {[%emt 0:00:45]} 53. bxc4 {[%emt 0:00:04]} Re4 {[%emt 0:00:08]} 54. Kd3 {[%emt 0:00:56]} Rh4 {[%emt 0:00:11]} 55. d5 {[%emt 0:00:32]} cxd5 {[%emt 0:00:56]} 56. cxd5 {[%emt 0:00:07]} Rxh5 {[%emt 0:00:28]} 57. Kc4 {[%emt 0:00:50]} Rh2 {[%emt 0:00:44]} 58. Be3 {[%emt 0:00:34]} Rb2 {[%emt 0:00:33]} 59. Rf1 {[%emt 0:00:25]} h5 {[%emt 0:00:32]} 60. Rg1 {[%emt 0:00:21]} Bf8 {[%emt 0:00:23]} 61. Rh1 {[%emt 0:00:21]} h4 {[%emt 0:00:16]} 62. Kc3 {[%emt 0:00:39]} Rb5 {[%emt 0:00:30]} 63. Rxh4 {[%emt 0:00:35]} Rxd5 {[%emt 0:00:45]} 64. Rh8 {[%emt 0:00:09]} Rd8 {[%emt 0:00:06]} 65. Bb6 {[%emt 0:00:15]} Bb4+ {[%emt 0:00:16]} 66. Kxb4 {[%emt 0:00:45]} Rxh8 {[%emt 0:00:04]} 0-1

[Event "ONJK-A 2019"]
[Site "Borne"]
[Date "2019.08.09"]
[Round "7.11"]
[White "Emans, Job"]
[Black "Van Roon, Sjoerd"]
[Result "0-1"]
[WhiteElo "1989"]
[BlackElo "2072"]
[Annotator "NA RC"]
[PlyCount "84"]
[EventDate "2019.08.05"]
[EventType "swiss"]
[EventCountry "NED"]
[SourceTitle "playchess.com"]
[Source "ChessBase"]
[SourceQuality "1"]
[TimeControl "5400+30"]

1. d4 {[%emt 0:00:00]} Nf6 {[%emt 0:00:10]} 2. c4 {[%emt 0:00:00]} g6 {[%emt 0:00:09]} 3. Nc3 {[%emt 0:00:03]} Bg7 {[%emt 0:00:06]} 4. e4 {[%emt 0:00:10]} O-O {[%emt 0:00:06]} 5. Nf3 {[%emt 0:00:09]} d6 {[%emt 0:00:10]} 6. Be2 {[%emt 0:00:11]} e5 {[%emt 0:01:09]} 7. O-O {[%emt 0:00:27]} Nc6 {[%emt 0:00:44]} 8. d5 {[%emt 0:00:29]} Ne7 {[%emt 0:00:11]} 9. Ne1 {[%emt 0:00:29]} Ne8 {[%emt 0:01:16]} 10. Nd3 {[%emt 0:00:37]} f5 {[%emt 0:02:12]} 11. f3 {[%emt 0:00:42]} f4 {[%emt 0:00:44]} 12. Bd2 {[%emt 0:00:49]} g5 {[%emt 0:02:16]} 13. c5 {[%emt 0:02:30]} h5 {[%emt 0:01:04]} 14. Rc1 {[%emt 0:05:40]} Rf6 {[%emt 0:05:28]} 15. cxd6 {[%emt 0:03:48]} cxd6 {[%emt 0:00:58]} 16. Nf2 {[%emt 0:00:42]} Rh6 {[%emt 0:06:26]} 17. h3 {[%emt 0:03:31]} Ng6 $14 {[%emt 0:05:42]} 18. Nb5 {[%emt 0:07:57]} Bd7 {[%emt 0:06:48]} 19. Qb3 {[%emt 0:07:38]} Bf6 {[%emt 0:22:12]} 20. Rc2 {[%emt 0:07:25]} Qb8 {[%emt 0:04:45]} 21. a4 {[%emt 0:13:59]} Bd8 {[%emt 0:03:30]} 22. Rfc1 {[%emt 0:05:48]} Bb6 {[%emt 0:09:10]} 23. a5 {[%emt 0:08:12]} Bxf2+ {[%emt 0:00:40]} 24. Kxf2 {[%emt 0:00:07]} g4 {[%emt 0:00:41]} 25. fxg4 {[%emt 0:06:24]} hxg4 {[%emt 0:00:13]} 26. hxg4 {[%emt 0:02:39]} Qd8 {[%emt 0:03:42]} 27. Rg1 {[%emt 0:03:09]} Rh2 {[%emt 0:09:06]} 28. Kf1 {[%emt 0:01:16]} Nf6 {[%emt 0:01:36]} 29. Nxd6 {[%emt 0:03:44]} Bxg4 {[%emt 0:00:42]} 30. Qxb7 {[%emt 0:02:25]} Bxe2+ {[%emt 0:01:22]} 31. Kxe2 {[%emt 0:00:04]} Rh7 {[%emt 0:00:19]} 32. Qxa8 {[%emt 0:07:01]} Qxa8 {[%emt 0:00:09]} 33. Rc8+ {[%emt 0:00:03]} Qxc8 {[%emt 0:00:05]} 34. Nxc8 {[%emt 0:00:05]} Nxe4 {[%emt 0:00:34]} 35. Rc1 {[%emt 0:01:43]} Rh2 {[%emt 0:04:01]} 36. Be1 {[%emt 0:01:42]} Nf6 {[%emt 0:00:37]} 37. d6 {[%emt 0:01:12]} Rxg2+ {[%emt 0:00:44]} 38. Kf1 {[%emt 0:00:03]} f3 {[%emt 0:00:27]} 39. Bf2 {[%emt 0:01:33]} Nf4 {[%emt 0:02:46]} 40. Rd1 {[%emt 0:03:54]} Ne4 {[%emt 0:00:37]} 41. Bxa7 {[%emt 0:01:18]} Ng3+ {[%emt 0:00:10]} 42. Ke1 {[%emt 0:00:04]} Re2# 0-1

[Event "ONJK-A 2019"]
[Site "Borne"]
[Date "2019.08.09"]
[Round "8.2"]
[White "Baselmans, Sam"]
[Black "Baselmans, Luuk"]
[Result "0-1"]
[WhiteElo "2064"]
[BlackElo "2212"]
[Annotator "NA"]
[PlyCount "104"]
[EventDate "2019.08.05"]
[EventType "swiss"]
[EventCountry "NED"]
[SourceTitle "playchess.com"]
[Source "ChessBase"]
[SourceQuality "1"]
[TimeControl "5400+30"]

1. e4 {[%emt 0:00:00]} e6 {[%emt 0:00:00]} 2. d4 {[%emt 0:00:00]} d5 {[%emt 0:00:00]} 3. Nc3 {[%emt 0:00:00]} Nf6 {[%emt 0:00:00]} 4. e5 {[%emt 0:00:00]} Nfd7 {[%emt 0:00:06]} 5. f4 {[%emt 0:00:00]} c5 {[%emt 0:00:15]} 6. Nf3 {[%emt 0:00:00]} Nc6 {[%emt 0:00:07]} 7. Be3 {[%emt 0:00:00]} cxd4 {[%emt 0:00:42]} 8. Nxd4 {[%emt 0:00:06]} Bc5 {[%emt 0:00:06]} 9. Qd2 {[%emt 0:01:57]} a6 {[%emt 0:00:19]} 10. Nd1 {[%emt 0:00:23]} Nxd4 {[%emt 0:08:47]} 11. Bxd4 {[%emt 0:00:06]} Bxd4 {[%emt 0:00:42]} 12. Qxd4 {[%emt 0:00:08]} f6 {[%emt 0:01:37]} 13. exf6 {[%emt 0:01:08]} Qxf6 {[%emt 0:00:19]} 14. Qxf6 {[%emt 0:00:56]} gxf6 {[%emt 0:00:57]} 15. g3 {[%emt 0:03:17]} b5 {[%emt 0:04:25]} 16. a4 {[%emt 0:03:22]} b4 {[%emt 0:03:54]} 17. Bg2 {[%emt 0:04:07]} Bb7 {[%emt 0:08:28]} 18. O-O {[%emt 0:05:24]} Nc5 {[%emt 0:00:53]} 19. Re1 {[%emt 0:04:05]} a5 {[%emt 0:07:13]} 20. Ne3 {[%emt 0:03:49]} O-O-O {[%emt 0:04:03]} 21. Rad1 {[%emt 0:05:30]} f5 {[%emt 0:09:19]} 22. Rd4 {[%emt 0:04:24]} h5 {[%emt 0:01:30]} 23. c3 {[%emt 0:02:10]} bxc3 {[%emt 0:02:50]} 24. Rc1 {[%emt 0:01:38]} Kb8 {[%emt 0:02:08]} 25. Rxc3 {[%emt 0:02:10]} Rc8 {[%emt 0:00:54]} 26. b4 {[%emt 0:05:39]} Nxa4 {[%emt 0:03:25]} 27. Rxc8+ {[%emt 0:01:08]} Rxc8 {[%emt 0:00:15]} 28. bxa5 {[%emt 0:00:06]} Nc3 {[%emt 0:01:49]} 29. Rb4 {[%emt 0:01:53]} Ka7 {[%emt 0:01:25]} 30. Bf3 {[%emt 0:01:36]} h4 {[%emt 0:00:34]} 31. g4 {[%emt 0:00:49]} fxg4 {[%emt 0:00:19]} 32. Nxg4 {[%emt 0:00:35]} Rc5 {[%emt 0:02:46]} 33. Rb6 {[%emt 0:02:49]} Rc4 {[%emt 0:01:23]} 34. Rxe6 {[%emt 0:00:38]} Rxf4 {[%emt 0:00:07]} 35. Kg2 {[%emt 0:03:55]} Ne4 {[%emt 0:02:47]} 36. a6 {[%emt 0:11:49]} h3+ {[%emt 0:01:07]} 37. Kg1 {[%emt 0:01:02]} Ng5 {[%emt 0:00:12]} 38. Rf6 {[%emt 0:00:49]} Nxf3+ {[%emt 0:00:54]} 39. Kf2 {[%emt 0:00:06]} Rxg4 {[%emt 0:00:12]} 40. Kxf3 {[%emt 0:01:01]} Bc8 {[%emt 0:00:12]} 41. Rd6 {[%emt 0:01:54]} Rg2 {[%emt 0:00:31]} 42. Rxd5 {[%emt 0:00:22]} Bxa6 {[%emt 0:00:49]} 43. Rd7+ {[%emt 0:00:28]} Bb7+ {[%emt 0:00:08]} 44. Kf4 {[%emt 0:00:08]} Kb8 {[%emt 0:00:47]} 45. Rh7 {[%emt 0:00:24]} Bc8 {[%emt 0:00:08]} 46. Rh8 {[%emt 0:00:12]} Rxh2 {[%emt 0:00:10]} 47. Kg3 {[%emt 0:00:05]} Rg2+ {[%emt 0:00:06]} 48. Kf3 {[%emt 0:00:04]} Kc7 {[%emt 0:00:38]} 49. Rh7+ {[%emt 0:00:07]} Kd6 {[%emt 0:00:06]} 50. Rh6+ {[%emt 0:00:18]} Ke5 {[%emt 0:00:05]} 51. Rh4 {[%emt 0:00:15]} Bb7+ {[%emt 0:00:10]} 52. Ke3 {[%emt 0:00:06]} h2 {[%emt 0:00:09]} 0-1

[Event "ONJK-A 2019"]
[Site "Borne"]
[Date "2019.08.09"]
[Round "8.3"]
[White "Noordenbos, Daan"]
[Black "Boudry, William"]
[Result "1/2-1/2"]
[WhiteElo "2042"]
[BlackElo "2033"]
[Annotator "NA"]
[PlyCount "166"]
[EventDate "2019.08.05"]
[EventType "swiss"]
[EventCountry "NED"]
[SourceTitle "playchess.com"]
[Source "ChessBase"]
[SourceQuality "1"]
[TimeControl "5400+30"]

1. e4 {[%emt 0:00:00]} c5 {[%emt 0:00:00]} 2. Nf3 {[%emt 0:00:00]} e6 {[%emt 0:00:00]} 3. d4 {[%emt 0:00:00]} cxd4 {[%emt 0:00:11]} 4. Nxd4 {[%emt 0:00:00]} a6 {[%emt 0:00:01]} 5. c4 {[%emt 0:00:00]} Qc7 {[%emt 0:00:27]} 6. Nc3 {[%emt 0:02:49]} Nf6 {[%emt 0:00:56]} 7. a3 {[%emt 0:02:25]} Nc6 {[%emt 0:00:26]} 8. Be3 {[%emt 0:02:23]} Nxd4 {[%emt 0:02:32]} 9. Bxd4 {[%emt 0:01:22]} Bc5 {[%emt 0:00:26]} 10. e5 {[%emt 0:06:09]} Ng8 {[%emt 0:05:41]} 11. Ne4 {[%emt 0:01:15]} Bxd4 {[%emt 0:00:05]} 12. Qxd4 {[%emt 0:00:52]} Ne7 {[%emt 0:01:10]} 13. Nd6+ {[%emt 0:00:11]} Kf8 {[%emt 0:00:09]} 14. Qf4 {[%emt 0:13:27]} Nf5 {[%emt 0:00:48]} 15. Nxf5 {[%emt 0:02:35]} exf5 {[%emt 0:00:04]} 16. Qxf5 {[%emt 0:04:12]} d6 {[%emt 0:00:37]} 17. exd6 {[%emt 0:00:14]} Qxd6 {[%emt 0:00:24]} 18. Qd3 {[%emt 0:01:35]} Qe5+ {[%emt 0:01:35]} 19. Qe2 {[%emt 0:01:37]} Qc7 {[%emt 0:03:46]} 20. Qc2 {[%emt 0:02:34]} Bg4 {[%emt 0:03:53]} 21. f3 {[%emt 0:02:46]} Qe5+ {[%emt 0:04:34]} 22. Be2 {[%emt 0:02:14]} Bf5 {[%emt 0:00:05]} 23. Qd2 {[%emt 0:00:15]} Re8 {[%emt 0:00:21]} 24. Rd1 {[%emt 0:00:48]} Kg8 {[%emt 0:00:10]} 25. O-O {[%emt 0:02:29]} h5 {[%emt 0:01:00]} 26. Rf2 {[%emt 0:00:24]} Rh6 {[%emt 0:01:42]} 27. Bf1 {[%emt 0:02:44]} Rhe6 {[%emt 0:02:54]} 28. Qd4 {[%emt 0:00:56]} Qxd4 {[%emt 0:00:48]} 29. Rxd4 {[%emt 0:00:02]} Re1 {[%emt 0:00:07]} 30. Rfd2 {[%emt 0:01:35]} Kh7 {[%emt 0:01:27]} 31. Rd1 {[%emt 0:00:58]} R8e2 {[%emt 0:01:28]} 32. Rxe1 {[%emt 0:07:52]} Rxe1 {[%emt 0:00:06]} 33. Kf2 {[%emt 0:00:26]} Rc1 {[%emt 0:00:33]} 34. Rd2 {[%emt 0:00:05]} Be6 {[%emt 0:00:46]} 35. Bd3+ {[%emt 0:00:14]} g6 {[%emt 0:00:05]} 36. Be4 {[%emt 0:00:08]} Rxc4 {[%emt 0:01:45]} 37. Bxb7 {[%emt 0:00:08]} a5 {[%emt 0:00:08]} 38. Ba6 {[%emt 0:00:47]} Rc1 {[%emt 0:00:36]} 39. Bb5 {[%emt 0:01:04]} Kg7 {[%emt 0:00:52]} 40. Ke3 {[%emt 0:00:48]} h4 {[%emt 0:00:35]} 41. h3 {[%emt 0:00:58]} Rc5 {[%emt 0:00:36]} 42. Bd3 {[%emt 0:00:39]} Re5+ {[%emt 0:00:20]} 43. Kf2 {[%emt 0:00:49]} Rd5 {[%emt 0:01:03]} 44. Ke1 {[%emt 0:00:35]} Re5+ {[%emt 0:01:58]} 45. Be2 {[%emt 0:01:25]} Kf6 {[%emt 0:00:36]} 46. Kf2 {[%emt 0:01:03]} Ke7 {[%emt 0:00:56]} 47. b4 {[%emt 0:00:46]} axb4 {[%emt 0:00:28]} 48. axb4 {[%emt 0:00:03]} Bd7 {[%emt 0:00:12]} 49. Rd4 {[%emt 0:01:49]} g5 {[%emt 0:02:49]} 50. f4 {[%emt 0:02:49]} gxf4 {[%emt 0:00:32]} 51. Rxf4 {[%emt 0:00:08]} Bc6 {[%emt 0:00:28]} 52. Rxh4 {[%emt 0:01:11]} Bxg2 {[%emt 0:00:35]} 53. Bf3 {[%emt 0:01:48]} Bxf3 {[%emt 0:00:57]} 54. Kxf3 {[%emt 0:00:09]} Kf6 {[%emt 0:00:20]} 55. Re4 {[%emt 0:00:37]} Rb5 {[%emt 0:00:10]} 56. Kf4 {[%emt 0:01:41]} Rh5 {[%emt 0:00:38]} 57. Kg3 {[%emt 0:00:16]} Rb5 {[%emt 0:00:21]} 58. Rc4 {[%emt 0:01:00]} Rd5 {[%emt 0:00:48]} 59. Rc3 {[%emt 0:00:45]} Rb5 {[%emt 0:00:13]} 60. Rb3 {[%emt 0:00:19]} Kg5 {[%emt 0:00:07]} 61. Kf3 {[%emt 0:00:53]} Kf5 {[%emt 0:00:55]} 62. Ke3 {[%emt 0:00:38]} Ke5 {[%emt 0:00:17]} 63. Kd3 {[%emt 0:00:11]} Kd5 {[%emt 0:00:54]} 64. Kc3 {[%emt 0:00:57]} f6 {[%emt 0:00:39]} 65. Rb1 {[%emt 0:00:08]} Kc6 {[%emt 0:01:45]} 66. Kc4 {[%emt 0:03:27]} Rh5 {[%emt 0:00:21]} 67. b5+ {[%emt 0:00:10]} Kb6 {[%emt 0:00:06]} 68. Rb3 {[%emt 0:00:18]} Rc5+ {[%emt 0:00:51]} 69. Kd4 {[%emt 0:00:16]} Re5 {[%emt 0:00:04]} 70. Rf3 {[%emt 0:04:41]} Kxb5 {[%emt 0:00:35]} 71. Rxf6 {[%emt 0:00:21]} Rh5 {[%emt 0:00:07]} 72. Rf3 {[%emt 0:00:29]} Kc6 {[%emt 0:00:03]} 73. Ke4 {[%emt 0:02:28]} Kd6 {[%emt 0:00:04]} 74. Kf4 {[%emt 0:00:15]} Ke7 {[%emt 0:00:26]} 75. Kg4 {[%emt 0:00:08]} Rh7 {[%emt 0:00:10]} 76. h4 {[%emt 0:00:26]} Rf7 {[%emt 0:00:09]} 77. Ra3 {[%emt 0:00:10]} Kf6 {[%emt 0:00:17]} 78. Ra6+ {[%emt 0:00:09]} Kg7 {[%emt 0:00:06]} 79. Kg5 {[%emt 0:00:04]} Rb7 {[%emt 0:00:12]} 80. Ra5 {[%emt 0:00:15]} Rc7 {[%emt 0:00:16]} 81. Kh5 {[%emt 0:00:28]} Kh7 {[%emt 0:02:28]} 82. Kg5 {[%emt 0:00:04]} Kg7 {[%emt 0:00:05]} 83. Kh5 {[%emt 0:00:03]} Kh7 {[%emt 0:02:21]} 1/2-1/2